Život spisovateľa Jozefa Cígera Hronského... /inc./

Bibliographic Details
Main Author: Maťovčík, Augustín, 1937- (Author)
Format: Article
Language:Slovak
PhysicalDescription:Fot. 1.
Subjects:

MARC

LEADER 00000nab a2200000 a 4500
001 vtls000383147
003 SK-MaSNL
005 20260304174346.0
008 230302c1990 xo 0 slo
015 |a SNBRB19rr/mm-uuuuu 
035 |a CL0383269 
035 |a urn:nbn:sk:snk-abamzd 
035 |a (urnnbn)urn:nbn:sk:snk:ar-008928 
035 |a (uuid)ae4c948c-36c9-4f26-9986-457bb15b7d96 
040 |a SNKBUCL  |b slo  |c SNKBUCL  |e AACR2 
041 0 |a slo 
044 |a xo  |c SK 
080 |a 82:929:885.4  |2 1981 
080 |a 929  |2 1981 
080 |a 885.4  |2 1981 
080 |a 929 Hronský, Jozef Cíger  |2 1981 
100 1 |a Maťovčík, Augustín,  |d 1937-  |4 aut  |9 98490 
245 1 0 |a Život spisovateľa Jozefa Cígera Hronského... /inc./  |c Augustín Maťovčík ; Jozef Cíger Hronský 
300 |b Fot. 1. 
600 1 7 |a Hronský, Jozef Cíger,  |d 1896-1960  |2 snkbucl  |9 89812 
655 7 |a články z novín a časopisov  |2 snkbucl  |9 267496 
655 7 |a články z odboru literárna veda a krásna literatúra  |2 snkbucl  |9 770045 
773 0 |t Literárny týždenník  |g Roč. 3, č. 16 (1990), s. 3 
850 |a Slovenská národná knižnica v Martine  |a MTA001 
852 |a SNK  |b KIS3GCP 
954 |a odborná, vedecká literatúra pôvodná (slovenská)  |2 lita 
958 |a BX 
958 |a RK 
958 |a LX 
958 |a OND 
958 |a EUIPO 
958 |a article14 
999 |c 3008331  |d 3010261